[Event "41 Abierto de Mar del Plata"]
[Site "Mar del Plata, ARG"]
[Date "2010.03.27"]
[Round "1.01"]
[White "Flores, Diego"]
[Black "Femini, Esteban"]
[Result "1-0"]
[WhiteElo "2580"]
[BlackElo "1990"]

1. Nf3 Nf6 2. c4 e6 3. Nc3 Be7 4. d4 d5 5. Bf4 a6 6. e3 Nbd7 7. Rc1 c6 8. h3
O-O 9. c5 Re8 10. Bd3 Bf8 11. Bh2 Kh8 12. O-O Ng8 13. e4 dxe4 14. Nxe4 Ndf6
15. Ne5 Re7 16. Nd6 Nh6 17. g4 Nd5 18. g5 f6 19. gxh6 fxe5 20. Bxe5 Kg8 21.
Qg4 Nc7 22. Kh1 Rd7 23. Rg1 Qe7 24. hxg7 Bxg7 25. Qh5 1-0

[Event "41 Abierto de Mar del Plata"]
[Site "Mar del Plata, ARG"]
[Date "2010.03.27"]
[Round "1.02"]
[White "Sosa, Ruben Hector"]
[Black "Rodriguez Vila, Andres"]
[Result "0-1"]
[WhiteElo "1969"]
[BlackElo "2504"]

1. e4 e6 2. d4 d5 3. exd5 exd5 4. Bd3 c5 5. c3 Nc6 6. Ne2 Bg4 7. f3 Bh5 8.
O-O Bg6 9. Bf4 Nf6 10. Kh1 Qb6 11. Bxg6 hxg6 12. Qb3 O-O-O 13. Nd2 Nh5 14. c4
Nxf4 15. Qxb6 axb6 16. Nxf4 Bd6 17. Nxd5 Rxh2+ 18. Kg1 Rdh8 19. Nxb6+ Kd8 0-1

[Event "41 Abierto de Mar del Plata"]
[Site "Mar del Plata, ARG"]
[Date "2010.03.27"]
[Round "1.03"]
[White "Alonso, Salvador"]
[Black "Di Giannantonio, Nino"]
[Result "1-0"]
[WhiteElo "2497"]
[BlackElo "1979"]

1. e4 c5 2. Nf3 e6 3. d4 cxd4 4. Nxd4 a6 5. Nc3 Qc7 6. Bd3 Nf6 7. Qe2 d6 8.
O-O Be7 9. Kh1 O-O 10. f4 Nbd7 11. Bd2 Re8 12. Rae1 e5 13. Nf5 Bf8 14. fxe5
Nxe5 15. Bg5 Bxf5 16. Rxf5 Ned7 17. Ref1 Re5 18. Rxe5 dxe5 19. Bc4 Be7 20. Bb3
Rb8 21. a4 h6 22. Bh4 Kh8 23. h3 Nc5 24. Bxf6 Bxf6 25. Nd5 Qc6 26. Nxf6 gxf6
27. Bd5 Qd6 28. Qh5 Kg7 29. Rf3 Ne6 30. Rg3+ Ng5 31. h4 Qd7 32. hxg5 fxg5 33.
Rb3 b6 34. Rc3 1-0

[Event "41 Abierto de Mar del Plata"]
[Site "Mar del Plata, ARG"]
[Date "2010.03.27"]
[Round "1.04"]
[White "Mansilla, Cesar"]
[Black "Cubas, Jose Fernando"]
[Result "0-1"]
[WhiteElo "1976"]
[BlackElo "2460"]

1. d4 d5 2. Nf3 Nf6 3. g3 e6 4. Bg2 b5 5. Ne5 Nfd7 6. Nxd7 Qxd7 7. Nd2 c5 8.
Nf3 Nc6 9. O-O Be7 10. c3 O-O 11. Qd3 b4 12. Ng5 g6 13. h4 bxc3 14. bxc3 cxd4
15. cxd4 Nb4 16. Qd1 Ba6 17. Nf3 Rfc8 18. Ba3 Rc3 19. Bxb4 Bxb4 20. Rb1 Bd6
21. h5 Rac8 22. hxg6 hxg6 23. Qd2 Rc2 24. Qh6 Bf8 25. Qh4 Bxe2 26. Rfe1 Bxf3
27. Bxf3 Bg7 28. Re2 Rxe2 29. Bxe2 Qa4 30. Rb7 Qxd4 31. Qe7 Qf6 32. Qb4 Qc3
33. Qe7 Rf8 34. Rc7 Qb2 35. Bd3 Be5 36. Kg2 Bxg3 37. Kxg3 0-1

[Event "41 Abierto de Mar del Plata"]
[Site "Mar del Plata, ARG"]
[Date "2010.03.27"]
[Round "1.05"]
[White "Slipak, Sergio"]
[Black "Lescano, Pablo Daniel"]
[Result "1-0"]
[WhiteElo "2448"]
[BlackElo "1973"]

1. d4 Nf6 2. Nf3 g6 3. c4 d5 4. cxd5 Nxd5 5. e4 Nf6 6. Nc3 Bg7 7. Be2 O-O 8.
O-O b6 9. Qc2 Bb7 10. Rd1 Nbd7 11. h3 c6 12. Bf4 a6 13. Rac1 Rc8 14. Qd2 Qe8
15. Qe3 c5 16. d5 e5 17. dxe6 Qxe6 18. e5 Nh5 19. Ng5 Qe8 20. Bxh5 gxh5 21.
Qd3 1-0

[Event "41 Abierto de Mar del Plata"]
[Site "Mar del Plata, ARG"]
[Date "2010.03.27"]
[Round "1.06"]
[White "Couso, Juan Jose"]
[Black "Perez Ponsa, Federico"]
[Result "0-1"]
[WhiteElo "1972"]
[BlackElo "2440"]

1. d4 Nf6 2. c4 g6 3. Nc3 Bg7 4. e4 d6 5. Bd3 O-O 6. Nge2 Nc6 7. O-O Nh5 8.
Be3 e5 9. d5 Ne7 10. f4 f5 11. fxe5 Bxe5 12. Bh6 Rf7 13. Qd2 Bd7 14. Kh1 c6
15. g4 fxg4 16. Rxf7 Kxf7 17. Rf1+ Kg8 18. Bc2 c5 19. Nd1 Kh8 20. Nf2 Ng8 21.
Nd3 Bf6 22. Bf4 Qe7 23. Qe3 Re8 24. Nf2 Nxf4 25. Nxf4 Be5 26. Rg1 Rf8 27. N4d3
Qh4 28. Nxe5 Rxf2 29. Qg3 Qxg3 30. Rxg3 dxe5 31. Bb3 Nf6 32. Kg1 Rf3 33.
Rxf3 gxf3 34. Kf2 Nxe4+ 35. Kxf3 Nd2+ 36. Ke3 Nxb3 37. axb3 Kg7 38. Ke4 Kf6 39.
b4 Bf5+ 40. Ke3 cxb4 41. c5 Ke7 42. Kd2 b6 0-1

[Event "41 Abierto de Mar del Plata"]
[Site "Mar del Plata, ARG"]
[Date "2010.03.27"]
[Round "1.07"]
[White "Goldwaser, Christian"]
[Black "Romero, Fabian"]
[Result "1-0"]
[WhiteElo "2423"]
[BlackElo "1969"]

1. Nf3 d5 2. d4 c6 3. c4 e6 4. e3 Nf6 5. Bd3 g6 6. O-O Bg7 7. Nc3 O-O 8. b4
b6 9. Qb3 dxc4 10. Bxc4 Nd5 11. Bb2 Bb7 12. Rac1 a5 13. b5 Nxc3 14. Bxc3 a4
15. Qb2 cxb5 16. Bxb5 a3 17. Qe2 Ba6 18. Bb4 Re8 19. Bxa6 Rxa6 20. Qb5 Qd7 21.
Qxd7 Nxd7 22. Rc7 Nf6 23. Rfc1 Nd5 24. Rc8 Ra8 25. Rxe8+ Rxe8 26. Bxa3 Ra8
27. Bd6 Bf8 28. Bxf8 Kxf8 29. Ra1 Ra3 30. g3 Nc3 31. Ne5 b5 32. Kg2 Rxa2 33.
Rc1 Nd5 34. Rc8+ Kg7 35. Kf3 Nb4 36. Rc7 Kg8 37. Nxf7 Nd3 38. Nh6+ Kh8 39. g4
Rxf2+ 40. Ke4 Ne1 41. g5 Rf8 42. Ng4 Nf3 43. h4 h5 44. Nf6 Rxf6 45. gxf6 Nxh4
46. Rc8+ Kh7 47. f7 Nf5 48. f8=Q 1-0

[Event "41 Abierto de Mar del Plata"]
[Site "Mar del Plata, ARG"]
[Date "2010.03.27"]
[Round "1.08"]
[White "Martyniuk, Carolina Milka"]
[Black "Tristan, Leonardo"]
[Result "0-1"]
[WhiteElo "1966"]
[BlackElo "2394"]

1. c4 f5 2. Nc3 Nf6 3. g3 g6 4. Bg2 Bg7 5. Nf3 O-O 6. O-O d6 7. d4 Nc6 8. Bg5
Ne4 9. Nxe4 fxe4 10. Nd2 Nxd4 11. Nxe4 Bg4 12. Nc3 c6 13. Qd2 Qd7 14. Rac1
Rf7 15. f3 Bh3 16. Be3 Bxg2 17. Kxg2 Nf5 18. Bf2 Bh6 19. f4 e5 20. e4 exf4 21.
exf5 f3+ 0-1

[Event "41 Abierto de Mar del Plata"]
[Site "Mar del Plata, ARG"]
[Date "2010.03.27"]
[Round "1.09"]
[White "Claverie, Raul"]
[Black "Vecchio, Raul"]
[Result "1-0"]
[WhiteElo "2395"]
[BlackElo "1943"]

1. d3 d5 2. f4 Nf6 3. Nf3 c5 4. g3 Nc6 5. Bg2 Bg4 6. Ne5 Be6 7. Nxc6 bxc6 8.
Nc3 g6 9. O-O Bg7 10. e4 Bg4 11. Qe1 O-O 12. e5 Ne8 13. Qf2 Rb8 14. h3 Bc8
15. Qxc5 Qb6 16. Be3 Nc7 17. Na4 Qb5 18. b3 Ne6 19. Qxb5 Rxb5 20. Bxa7 Rb7 21.
Bf2 f6 22. exf6 exf6 23. Rae1 f5 24. Nc5 Nxc5 25. Bxc5 Rd8 26. d4 Bf8 27.
Bxf8 Kxf8 28. Re5 Ra7 29. a4 Rb7 30. Rf3 Rb4 31. Rd3 Ba6 32. Rd2 Kf7 33. h4 Rd7
34. Kf2 h6 35. h5 Bb7 36. hxg6+ Kxg6 37. Rxf5 c5 38. dxc5 d4 39. c6 Re7 40.
Rf8 Ba6 41. Ra8 1-0

[Event "41 Abierto de Mar del Plata"]
[Site "Mar del Plata, ARG"]
[Date "2010.03.27"]
[Round "1.10"]
[White "Gonzalez, Victor Daniel"]
[Black "Piscicelli, Daniel"]
[Result "0-1"]
[WhiteElo "1983"]
[BlackElo "2363"]

1. d4 d5 2. Nf3 Nf6 3. Bg5 Ne4 4. Bf4 Bf5 5. Nbd2 e6 6. c3 Be7 7. Qb3 Qc8 8.
e3 Nd7 9. Nxe4 Bxe4 10. Nd2 Bg6 11. h4 h6 12. g4 c6 13. c4 dxc4 14. Bxc4 Nf6
15. f3 Nd5 16. Be5 O-O 17. e4 Nb6 18. Bd3 Qd8 19. g5 h5 20. f4 Qd7 21. Rg1
Kh7 22. O-O-O c5 23. Bc2 cxd4 24. Kb1 Rac8 25. Rdf1 Rxc2 26. Qxc2 d3 27. Qd1
Qb5 28. Qb3 Qd7 29. Rg3 Rd8 30. Rff3 Na4 31. Rxd3 Qc6 32. Rxd8 Bxd8 33. Qc2 Qb5
34. Qd3 Qa5 35. Bc3 Nxc3+ 36. bxc3 Bc7 37. Rf3 Qb6+ 38. Nb3 Qg1+ 39. Kb2
Qh2+ 40. Qc2 Qxc2+ 41. Kxc2 Bxe4+ 42. Rd3 Bxf4 43. Nc5 Bxd3+ 44. Kxd3 b6 45. Nb3
Bg3 46. Ke4 Bxh4 47. Kf4 Kg6 0-1

[Event "41 Abierto de Mar del Plata"]
[Site "Mar del Plata, ARG"]
[Date "2010.03.27"]
[Round "1.11"]
[White "Barreto Filho, Carlos Alberto"]
[Black "Epelboim, Matias"]
[Result "1-0"]
[WhiteElo "2362"]
[BlackElo "1961"]

1. d4 Nf6 2. c4 g6 3. Nc3 Bg7 4. e4 d6 5. Nf3 O-O 6. Be2 e5 7. O-O Nc6 8. d5
Ne7 9. Ne1 Nd7 10. Nd3 f5 11. Bd2 f4 12. f3 g5 13. Qc2 Rf6 14. Rfc1 a6 15.
Nf2 h5 16. a4 Rg6 17. h3 Nf6 18. Qd1 b6 19. a5 c6 20. axb6 Qxb6 21. Na4 Qa7 22.
Kf1 c5 23. b4 Nd7 24. bxc5 Nxc5 25. Nxc5 Qxc5 26. Ra5 Qc7 27. c5 dxc5 28.
Raxc5 Qd6 29. Bb4 1-0

[Event "41 Abierto de Mar del Plata"]
[Site "Mar del Plata, ARG"]
[Date "2010.03.27"]
[Round "1.12"]
[White "Ortiz, Jorge Daniel"]
[Black "Leskovar, Mario"]
[Result "0-1"]
[WhiteElo "1949"]
[BlackElo "2357"]

1. e4 e6 2. d4 d5 3. Nc3 Bb4 4. exd5 exd5 5. Nf3 Bg4 6. Be2 Ne7 7. O-O Nbc6
8. a3 Bxc3 9. bxc3 O-O 10. Bg5 f6 11. Bf4 Ng6 12. Bg3 Qd7 13. Rb1 b6 14. Re1
Na5 15. Nd2 Bxe2 16. Qxe2 Rae8 17. Qd3 c6 18. c4 Rxe1+ 19. Rxe1 Re8 20. Rxe8+
Qxe8 21. Kf1 Qd7 22. h3 Nf8 23. cxd5 cxd5 24. f3 Ne6 25. h4 g6 26. h5 Kf7 27.
hxg6+ hxg6 28. f4 Ng7 29. Nf3 Nf5 30. Bf2 Nd6 31. Nd2 Nac4 32. Nxc4 Nxc4 33.
Be1 Qf5 34. Qxf5 gxf5 35. Bb4 a5 0-1

[Event "41 Abierto de Mar del Plata"]
[Site "Mar del Plata, ARG"]
[Date "2010.03.27"]
[Round "1.13"]
[White "De Dovitiis, Alejo"]
[Black "Maucci, Luis Marcelo"]
[Result "1-0"]
[WhiteElo "2355"]
[BlackElo "1939"]

1. e4 c5 2. c3 d5 3. exd5 Qxd5 4. d4 Nf6 5. Nf3 Nc6 6. dxc5 Qxd1+ 7. Kxd1 Bg4
8. Bb5 e5 9. h3 Bxf3+ 10. gxf3 Bxc5 11. Rg1 O-O-O+ 12. Kc2 Nd5 13. Rxg7 Rhg8
14. Rxg8 Rxg8 15. b4 Bxf2 16. Kb3 Bb6 17. Bd3 Ne3 18. Bxh7 Rg1 19. Bxe3 Bxe3
20. Bf5+ Kb8 21. Be4 Rd1 22. a4 Rh1 23. a5 Nd8 24. Ra2 Nc6 25. Ra3 Bf4 26.
a6 Nd8 27. axb7 Rg1 28. Ra5 Rg7 29. Rc5 1-0

[Event "41 Abierto de Mar del Plata"]
[Site "Mar del Plata, ARG"]
[Date "2010.03.27"]
[Round "1.14"]
[White "Fabrizio, Gustavo"]
[Black "Quiroga, Facundo"]
[Result "0-1"]
[WhiteElo "1938"]
[BlackElo "2334"]

1. d4 Nf6 2. c4 e6 3. Nc3 Bb4 4. Qc2 Nc6 5. Nf3 d6 6. e3 e5 7. d5 Bxc3+ 8.
Qxc3 Ne7 9. Qc2 Bf5 10. Qd1 O-O 11. Be2 h6 12. O-O Ne4 13. Bd3 Bh7 14. Bxe4
Bxe4 15. Ne1 Qe8 16. f3 Bh7 17. e4 f5 18. Qe2 fxe4 19. fxe4 Qg6 20. Nf3 Qxe4 21.
Qxe4 Bxe4 22. Bd2 Ng6 23. b3 Rf7 24. Be3 Raf8 25. Nd2 Rxf1+ 26. Rxf1 Rxf1+
27. Kxf1 Bd3+ 28. Kf2 b6 29. a4 a5 30. g3 Bc2 31. Kf3 Nf8 32. g4 Nd7 33. Bf2
Nb8 34. h4 Na6 35. h5 Bd1+ 36. Kg3 Nb4 37. Be3 Nc2 38. Bf2 Na1 39. Be3 Nxb3
40. Nxb3 Bxb3 41. g5 Bxc4 0-1

[Event "41 Abierto de Mar del Plata"]
[Site "Mar del Plata, ARG"]
[Date "2010.03.27"]
[Round "1.15"]
[White "Barrionuevo, Pablo"]
[Black "Flores Mirabal, Nancy"]
[Result "1-0"]
[WhiteElo "2327"]
[BlackElo "1939"]

1. Nf3 Nf6 2. c4 g6 3. Nc3 Bg7 4. e4 c5 5. d4 cxd4 6. Nxd4 d6 7. Be2 Nbd7 8.
O-O O-O 9. Be3 a6 10. Qd2 Re8 11. Rac1 Nc5 12. f3 e6 13. Rfd1 Qe7 14. Nc2 Bf8
15. Bg5 Rd8 16. Qf4 Bg7 1-0

[Event "41 Abierto de Mar del Plata"]
[Site "Mar del Plata, ARG"]
[Date "2010.03.27"]
[Round "1.16"]
[White "Yanigro, Micaela"]
[Black "Mussanti, Diego"]
[Result "1-0"]
[WhiteElo "1923"]
[BlackElo "2312"]

1. e4 c5 2. c3 d5 3. exd5 Qxd5 4. d4 e6 5. Nf3 Nf6 6. Be2 cxd4 7. cxd4 Be7 8.
O-O O-O 9. Nc3 Qd6 10. Be3 Nc6 11. a3 b6 12. Rc1 Bb7 13. Qd2 Rfc8 14. Rfd1
a6 15. d5 exd5 16. Nxd5 Nxd5 17. Qxd5 Qxd5 18. Rxd5 Bf6 19. Rd7 Na5 20. Rxc8+
Bxc8 21. Rc7 Bd8 22. Rxc8 b5 1-0

[Event "41 Abierto de Mar del Plata"]
[Site "Mar del Plata, ARG"]
[Date "2010.03.27"]
[Round "1.17"]
[White "Contin, Daniel"]
[Black "Allo, Esteban Manuel"]
[Result "1-0"]
[WhiteElo "2309"]
[BlackElo "1910"]

1. d4 Nf6 2. Nf3 d6 3. g3 Nbd7 4. Bg2 e5 5. c4 c6 6. Nc3 Be7 7. O-O O-O 8.
Qc2 Re8 9. Rd1 Qc7 10. h3 Bf8 11. e4 a6 12. a4 g6 13. Be3 Nh5 14. a5 Ng7 15. c5
Kh8 16. Ng5 Nf6 17. cxd6 Bxd6 18. dxe5 Bxe5 19. f4 Bxc3 20. Qxc3 Ng8 21. Bb6
Qe7 22. Bc5 Qc7 23. Bd6 Qd7 24. Be5 Rxe5 25. Rxd7 Rxg5 26. Rxf7 1-0

[Event "41 Abierto de Mar del Plata"]
[Site "Mar del Plata, ARG"]
[Date "2010.03.27"]
[Round "1.18"]
[White "Gualpa, Carlos Alberto"]
[Black "Landriel, Mario"]
[Result "0-1"]
[WhiteElo "1907"]
[BlackElo "2309"]

1. e4 c6 2. Nf3 g6 3. d4 Bg7 4. c3 Nf6 5. Bd3 O-O 6. h3 d5 7. e5 Ne4 8. Nbd2
f5 9. Qb3 Kh8 10. h4 h6 11. Qc2 c5 12. h5 g5 13. Bxe4 fxe4 14. Nxg5 Nc6 15.
Ndf3 cxd4 16. Nh4 hxg5 17. Ng6+ Kh7 18. Bxg5 Nxe5 19. Bxe7 Qe8 20. Nxf8+ Bxf8
21. Bxf8 Nd3+ 22. Kd1 Qxf8 23. f3 Bf5 24. g4 Bxg4 25. fxg4 Qf3+ 26. Qe2 Qxh1+
0-1

[Event "41 Abierto de Mar del Plata"]
[Site "Mar del Plata, ARG"]
[Date "2010.03.27"]
[Round "1.19"]
[White "Ramirez, Emilio Felix"]
[Black "Goldwaser, Romina"]
[Result "1-0"]
[WhiteElo "2288"]
[BlackElo "1904"]

1. e4 c5 2. Nf3 d6 3. d4 cxd4 4. Nxd4 Nf6 5. Nc3 a6 6. Bc4 e6 7. Qe2 Be7 8.
Bb3 Qc7 9. Be3 O-O 10. O-O-O b5 11. a3 Bb7 12. f3 Nc6 13. g4 Nxd4 14. Rxd4
Rad8 15. g5 Nd7 16. h4 Nb6 17. Rd3 Nc4 18. Bf4 Qc5 19. Rhd1 Rfe8 20. Qg2 d5 21.
exd5 exd5 22. Ne2 a5 23. Kb1 a4 24. Bxc4 bxc4 25. R3d2 Qb6 26. Ka1 Bc5 27. c3
Re7 28. Bh2 Be3 29. Bg1 Rde8 30. Bxe3 Rxe3 31. Nd4 Bc8 32. Qg3 Qc5 33. Nc2
R3e5 34. f4 Re2 35. Rxd5 Qb6 36. Nb4 Bb7 37. R5d4 Rg2 38. Qe3 Rc8 39. Qe7 h6
40. Rd7 Rf8 41. Rxb7 Qf2 42. Qxf8+ 1-0

[Event "41 Abierto de Mar del Plata"]
[Site "Mar del Plata, ARG"]
[Date "2010.03.27"]
[Round "1.20"]
[White "Leon, Mario"]
[Black "Languidey, Simon Alejandro"]
[Result "0-1"]
[WhiteElo "1902"]
[BlackElo "2273"]

1. e4 e6 2. Nc3 d5 3. exd5 exd5 4. d4 Nf6 5. Nf3 Bb4 6. Be2 O-O 7. O-O Bg4 8.
h3 Bh5 9. Bg5 c6 10. Ne5 Bxe2 11. Nxe2 Na6 12. c3 Be7 13. Ng3 h6 14. Be3 Nc7
15. Nf5 Ne6 16. f3 Re8 17. Qd2 Bf8 18. g4 Nd7 19. f4 Nf6 20. Ng3 Ne4 21.
Nxe4 dxe4 22. Qg2 f6 23. Ng6 Bd6 24. h4 Nf8 25. g5 hxg5 26. fxg5 fxg5 27. Bxg5
Qd7 28. Nxf8 Bxf8 29. Rf4 Re6 30. Rxe4 Rxe4 31. Qxe4 Re8 32. Qf3 Qe6 33. Rf1
Qxa2 34. h5 Qe6 35. Qg2 Qe2 36. Qg3 Qe6 37. b4 Qd5 38. Ra1 Qd7 39. Rf1 Qd6 40.
Kg2 Qe6 41. Qd3 Qg4+ 42. Qg3 Qxg3+ 43. Kxg3 Re2 44. Kf3 0-1

[Event "41 Abierto de Mar del Plata"]
[Site "Mar del Plata, ARG"]
[Date "2010.03.27"]
[Round "1.21"]
[White "Zamorano, Jorge Adrian"]
[Black "Segura, Angel"]
[Result "1-0"]
[WhiteElo "2264"]
[BlackElo "1853"]

1. d4 d5 2. c4 e6 3. Nf3 Nf6 4. g3 Nc6 5. Bg2 Be7 6. O-O O-O 7. Nc3 Ne4 8.
Qc2 f5 9. Rd1 Nb4 10. Qb3 dxc4 11. Qxc4 Nxc3 12. bxc3 Nc2 13. Rb1 Na3 14. Bxa3
Bxa3 15. Ne5 c6 16. f4 Bd6 17. e4 g6 18. Nf3 Qe8 19. Re1 b5 20. Qb3 Qf7 21.
Ng5 Qd7 22. exf5 gxf5 23. Nxe6 Kh8 24. d5 Bb7 25. Nxf8 Rxf8 26. c4 Bc5+ 27.
Kh1 Bd4 28. Rbd1 bxc4 29. Qa4 Re8 30. dxc6 Rxe1+ 31. Rxe1 Bxc6 32. Qxc6 Qxc6
33. Bxc6 Kg7 34. Kg2 Kf6 35. Bd5 c3 36. Bb3 h6 37. Kf3 Bc5 38. Re6+ Kg7 39. Rc6
Bd4 40. Rc4 Bf6 41. Rc7+ 1-0

[Event "41 Abierto de Mar del Plata"]
[Site "Mar del Plata, ARG"]
[Date "2010.03.27"]
[Round "1.22"]
[White "Navarro, Alberto"]
[Black "Lapicki, Raul"]
[Result "0-1"]
[WhiteElo "1893"]
[BlackElo "2257"]

1. e4 e6 2. d4 d5 3. Bd3 dxe4 4. Bxe4 Nf6 5. Bf3 Bd6 6. Ne2 O-O 7. O-O Nbd7
8. c4 c6 9. g3 e5 10. Bg2 Re8 11. Nbc3 exd4 12. Nxd4 Ne5 13. b3 Bc5 14. Nce2
Bg4 15. Be3 Bxd4 0-1

[Event "41 Abierto de Mar del Plata"]
[Site "Mar del Plata, ARG"]
[Date "2010.03.27"]
[Round "1.23"]
[White "Dimuro, Matias"]
[Black "Davis, Ernesto"]
[Result "1-0"]
[WhiteElo "2250"]
[BlackElo "1868"]

1. e4 e6 2. d4 d6 3. Nc3 Nd7 4. Nf3 Ne7 5. Be2 Ng6 6. Be3 Be7 7. Qd2 a6 8. a4
b6 9. O-O Bb7 10. d5 exd5 11. exd5 O-O 12. Nd4 Nf6 13. Rfe1 Qd7 14. Nb3 Qf5
15. Rad1 c5 16. dxc6 Bxc6 17. Nd4 Qd7 18. Nxc6 Qxc6 19. Bf3 d5 20. Nxd5 Rad8
21. Nxe7+ Nxe7 22. Qxd8 Rxd8 23. Rxd8+ Qe8 1-0

[Event "41 Abierto de Mar del Plata"]
[Site "Mar del Plata, ARG"]
[Date "2010.03.27"]
[Round "1.24"]
[White "Martin, Luis Jacinto"]
[Black "Gorisnic, Eduardo"]
[Result "1-0"]
[WhiteElo "1851"]
[BlackElo "2240"]

1. Nf3 c5 2. g3 g6 3. Bg2 Bg7 4. c4 Nc6 5. Nc3 e6 6. Ne4 Qe7 7. d4 cxd4 8. c5
h6 9. Nd6+ Kf8 10. Rb1 e5 11. O-O Nf6 12. Nh4 Ne8 (12... Nd8) 13. Nxf7 Qxf7
14. Be4 Ne7 15. f4 Kg8 16. Qd3 d5 17. Bxd5 Nxd5 18. fxe5 Bf5 19. g4 g5 20.
Nxf5 Nb4 1-0

[Event "41 Abierto de Mar del Plata"]
[Site "Mar del Plata, ARG"]
[Date "2010.03.27"]
[Round "1.25"]
[White "Paveto, Kevin"]
[Black "Cabral, Matias Andres"]
[Result "1-0"]
[WhiteElo "2234"]
[BlackElo "1963"]

1. e4 d6 2. d4 Nf6 3. Nc3 g6 4. Nf3 Bg7 5. Bc4 O-O 6. Qe2 c6 7. Bb3 Bg4 8. h3
Bxf3 9. Qxf3 Nbd7 10. Ne2 e5 11. c3 Qa5 12. O-O Rae8 13. Ng3 d5 14. exd5 e4
15. Qe2 cxd5 16. f3 Qc7 17. f4 Nb6 18. Be3 Nc4 19. Rae1 b5 20. Qf2 Bh6 21.
Bxc4 Qxc4 22. f5 Bxe3 23. Qxe3 Qxa2 24. Qg5 Qa6 25. Rf4 Kh8 26. Ref1 Rg8 27.
fxg6 Rxg6 28. Qh4 Re6 29. Nh5 Rh6 30. g4 e3 31. Rxf6 Rxh5 32. Rxe6 1-0

[Event "41 Abierto de Mar del Plata"]
[Site "Mar del Plata, ARG"]
[Date "2010.03.27"]
[Round "1.26"]
[White "Lidovsky, Sergio"]
[Black "Jimenez, Joaquin"]
[Result "0-1"]
[WhiteElo "1842"]
[BlackElo "2227"]

1. e4 e5 2. Nc3 Nf6 3. Nf3 Nc6 4. g3 d5 5. exd5 Nxd5 6. Bg2 Nxc3 7. bxc3 Bc5
8. O-O O-O 9. d3 Bg4 10. h3 Bh5 11. g4 Bg6 12. Ng5 Re8 13. Rb1 Bb6 14. Ne4
Qe7 15. Bb2 Rad8 16. Qc1 Qd7 17. Ba3 Ne7 18. Nc5 Bxc5 19. Bxc5 Nd5 20. Rxb7 Qc6
21. c4 Qxb7 22. cxd5 e4 23. d4 Qxd5 24. a3 a6 25. Qf4 Qc4 26. h4 h6 27. h5
Bh7 28. Qxc7 Rxd4 29. Qb6 Rdd8 30. Be3 Qe2 31. Bh3 f5 32. Qb3+ Kh8 33. Qc3 Qf3
34. Bg2 Qxg4 0-1

[Event "41 Abierto de Mar del Plata"]
[Site "Mar del Plata, ARG"]
[Date "2010.03.27"]
[Round "1.27"]
[White "Mavrich, Demian"]
[Black "Novoa, Fernando"]
[Result "1/2-1/2"]
[WhiteElo "2224"]
[BlackElo "1879"]

1. e4 c5 2. Nf3 Nc6 3. d4 cxd4 4. Nxd4 g6 5. Bc4 Bg7 6. c3 Nf6 7. Nxc6 bxc6
8. e5 Ng8 9. Qf3 e6 10. Bf4 f6 11. exf6 Qxf6 12. O-O d5 13. Bb3 Ne7 14. Qe3 e5
15. Bg5 Qd6 16. Bxe7 Qxe7 17. c4 Be6 18. cxd5 cxd5 19. Nc3 d4 20. Qf3 Rc8
21. Nd5 Qf7 22. Ba4+ Kd8 23. Qxf7 Bxf7 24. Nb4 Be8 25. Bb3 Ke7 26. Rfe1 Kd6 27.
f4 Bb5 28. fxe5+ Bxe5 29. a4 Bc4 30. Bxc4 Rxc4 31. Nd3 Bg7 32. b4 Rf8 33.
Re4 Rc3 34. Rd1 Rf7 35. g3 Kd5 36. h4 Bh8 37. Nf4+ Kc4 1/2-1/2

[Event "41 Abierto de Mar del Plata"]
[Site "Mar del Plata, ARG"]
[Date "2010.03.27"]
[Round "1.28"]
[White "Martinez, Cristian Ezequiel"]
[Black "Altamirano, Benjamin"]
[Result "0-1"]
[WhiteElo "1830"]
[BlackElo "2221"]

1. e4 c5 2. Nf3 g6 3. d4 cxd4 4. Nxd4 Bg7 5. Nc3 Nc6 6. Be3 Nf6 7. Bc4 Qa5 8.
O-O O-O 9. Bb3 d6 10. f3 Bd7 11. Qd2 Rfc8 12. Rad1 a6 13. a4 Qc7 14. Qe2 Na5
15. Qf2 Nc4 16. Bc1 Rab8 17. Nd5 Nxd5 18. exd5 Bf6 19. Qe2 Qc5 20. c3 Qxd5
21. Be3 Qc5 22. Bf2 Qc7 23. Rfe1 Na5 24. Bd5 Nc6 25. g4 e5 26. Nc2 Ne7 27. Ne3
Bxa4 28. Rd2 Bg5 29. Ba2 Bb5 30. Qd1 Bc6 31. b4 Bf4 32. Rxd6 Bxf3 0-1

[Event "41 Abierto de Mar del Plata"]
[Site "Mar del Plata, ARG"]
[Date "2010.03.27"]
[Round "1.29"]
[White "Tobares, Leandro Oscar"]
[Black "Lopez Miller, Indalecio"]
[Result "1-0"]
[WhiteElo "2219"]
[BlackElo "1824"]

1. Nf3 Nf6 2. c4 e6 3. d4 d5 4. Nc3 Nbd7 5. cxd5 exd5 6. Bg5 Be7 7. e3 c6 8.
Qc2 O-O 9. Bd3 Re8 10. O-O Nf8 11. h3 Ng6 12. Bxf6 Bxf6 13. b4 a6 14. a4 Qd6
15. Rab1 Be7 16. b5 axb5 17. axb5 Rf8 18. bxc6 bxc6 19. Rb6 Rb8 20. Nxd5 Rxb6
21. Nxb6 Be6 22. Rc1 Rb8 23. Nc4 Qc7 24. Nce5 c5 25. Nxg6 hxg6 26. dxc5 Rc8
27. Ba6 Ra8 28. Bc4 Qxc5 29. Bxe6 Qxc2 30. Bxf7+ Kxf7 31. Rxc2 Bd6 32. g4
Ra1+ 33. Kg2 Ra6 34. Ng5+ Kf6 35. f4 Ke7 36. Kf3 Ra1 37. Rb2 Rc1 38. Rb6 Rc3 39.
Rxd6 Kxd6 40. Ne4+ 1-0

[Event "41 Abierto de Mar del Plata"]
[Site "Mar del Plata, ARG"]
[Date "2010.03.27"]
[Round "1.30"]
[White "Martin, Lucas"]
[Black "Penafiel, Horacio"]
[Result "0-1"]
[WhiteElo "1857"]
[BlackElo "2215"]

1. e4 c5 2. Nf3 e6 3. d4 cxd4 4. Nxd4 a6 5. Be2 Nf6 6. Nc3 d6 7. Be3 Be7 8.
O-O O-O 9. a4 Nc6 10. f4 Qc7 11. Bf3 Re8 12. g4 Bf8 13. g5 Nd7 14. f5 Nde5 15.
fxe6 fxe6 16. Be2 Nxd4 17. Bxd4 b6 18. Bd3 g6 19. Bxe5 Qc5+ 20. Bd4 Qxd4+
21. Kh1 Bg7 22. Qe2 Bb7 23. Qf2 Qxf2 24. Rxf2 Bd4 25. Rf4 Be5 26. Rf2 d5 27.
Re2 Bf4 28. Rg1 d4 29. Nd1 Rac8 30. Rg4 e5 31. h4 Kg7 32. b3 Bc1 33. Re1 Rf8
34. Rgg1 Rf4 35. Kh2 Rxh4+ 36. Kg3 Bxg5 37. Nb2 Rf4 38. Nc4 Bh4+ 39. Kh2 Bxe1
40. Rxe1 Rcf8 41. Nxe5 Re8 42. Kg3 Rxe4 43. Bxe4 Rxe5 44. Kf4 Kf6 0-1

[Event "41 Abierto de Mar del Plata"]
[Site "Mar del Plata, ARG"]
[Date "2010.03.28"]
[Round "2.01"]
[White "Bianchi, Lucas"]
[Black "Flores, Diego"]
[Result "0-1"]
[WhiteElo "2149"]
[BlackElo "2580"]

1. d4 d6 2. Nf3 g6 3. c4 Bg7 4. Nc3 Nf6 5. e4 O-O 6. Be2 e5 7. d5 a5 8. Bg5
h6 9. Bh4 Na6 10. Nd2 Qe8 11. O-O Nh7 12. a3 Bd7 13. b3 h5 14. f3 Bh6 15. Rb1
Be3+ 16. Kh1 Bc5 17. Qc1 c6 18. Bf2 Bxf2 19. Rxf2 c5 20. Nf1 Qe7 21. Bd3 Kg7
22. f4 exf4 23. Qxf4 Rae8 24. Nb5 Bxb5 25. cxb5 Nb8 26. Nd2 Nd7 27. Nc4 Ne5
28. Nxe5 Qxe5 29. Qd2 Nf6 30. Rbf1 Nxe4 31. Bxe4 Qxe4 32. Qxa5 Qxd5 33. Qc7
Re3 34. Rf6 Re2 35. R6f3 h4 36. h3 Kh6 37. a4 f5 38. a5 Rfe8 39. a6 bxa6 40.
bxa6 Qd2 41. Rg1 Rxg2 42. Rxg2 Qd1+ 43. Kh2 Re1 0-1

[Event "41 Abierto de Mar del Plata"]
[Site "Mar del Plata, ARG"]
[Date "2010.03.28"]
[Round "2.03"]
[White "Fidel, Roberto Oscar"]
[Black "Alonso, Salvador"]
[Result "1/2-1/2"]
[WhiteElo "2154"]
[BlackElo "2497"]

1. e4 c5 2. Nf3 e6 3. c4 Nc6 4. d4 cxd4 5. Nxd4 Nf6 6. Nc3 Bb4 7. Nxc6 dxc6
8. Qxd8+ Kxd8 9. Bd2 e5 10. Be2 Be6 11. O-O-O Ke7 12. f3 Bc5 13. Na4 Bd6 14.
Be3 Nd7 15. c5 Bc7 16. b3 Rhd8 17. Kb2 f6 18. Rc1 Nf8 19. Rhd1 Bf7 20. Rxd8
Rxd8 21. Rd1 Rxd1 22. Bxd1 Ne6 23. Nc3 Kd7 24. Ne2 g6 25. Bc2 Bb8 26. b4 Be8
27. a3 Nc7 28. Bb3 Ne6 1/2-1/2